000 00784nam a2200289 a 4500
001 37542
003 AR-BaAGN
005 20240415103100.0
007 ta
008 220625s2015 ag |||||r|||| ||||||spa d
020 _a9789877350425
040 _dAR-BaAGN
_aAR-BaAGN
_bspa
_eaacr
100 1 _aAmigo, Roberto,
_d1964-
_97986
245 1 0 _aAlfredo Gramajo Gutiérrez
250 _a1ª ed.
260 _aBuenos Aires :
_bAguilar, Altea, Taurus, Alfaguara,
_c2015.
300 _a32 páginas :
_bilustraciones
336 _2rdacontent
_btxt
337 _2rdamedia
_bn
338 _2rdacarrier
_bnc
600 1 4 _aGramajo Gutiérrez, Alfredo
700 1 _aFarina, Fernando
700 1 _aGaray Basualdo, Eugenia
942 _cLIBRO
999 _c37542
_d37542